000 00925cam a22002893a 4500
001 8161
003 PGUSA
005 20140828083153.0
008 050501s2005||||xxu|||||s|||||000 p eng d
040 _aPGUSA
_beng
042 _adc
050 4 _aPR
100 1 _aMacPherson, James,
_d1736-1796
245 1 0 _aFragments of Ancient Poetry
_h[electronic resource] /
_cJames MacPherson
260 _bProject Gutenberg,
_c2005
500 _aAugustan Reprint Society, publication number 122
506 _aPublic domain in the USA.
516 _aElectronic text
653 _aOssian, active 3rd century -- Poetry
653 _aBards and bardism -- Poetry
653 _aMythology, Celtic -- Ireland -- Poetry
653 _aLiterary forgeries and mystifications -- Early works to 1800
653 _aCelts -- Poetry
830 0 _aProject Gutenberg
_v8161
856 4 0 _uhttp://www.gutenberg.org/ebooks/8161
942 _cEB
999 _c237461
_d237461